000 00537nam a2200181 i 4500
001 62771
003 ES-MaACL
005 20250930063056.0
007 t|
008 031125s1946 sp ||||1| spa d
100 1 _aFernández, Fidel,
_d1890-1942
_9162426
245 1 0 _aSierra Nevada /
_cFidel Fernández Martínez.
250 _a[3ª ed.].
260 _aBarcelona :
_bJuventud,
_c[1946] (
_fR. Plana)
300 _a167 p., 4 lám., plan. :
_bil. ;
_c21 cm.
852 _aES-MaACL
_jD-8052
_bR.27104
999 _c62771
_d62771